MARC

LEADER 00000nam0a2200000 4500
001 123983
005 20231031130710.0
035 |a (RuTPU)RU\TPU\book\134184 
090 |a 123983 
100 |a 20071025d1964 k y0rusy50 ca 
101 0 |a rus 
102 |a AZ 
105 |a a z 001zy 
200 1 |a Избранные произведения  |e в 3 т.  |h Т. 1  |f Ю. Г. Мамедалиев  |g АН АзССР, Институт нефтехимических процессов 
210 |a Баку  |c Изд-во АН АзССР  |d 1964 
215 |a 579 с.  |c ил. 
320 |a Библиография в конце работ. 
610 1 |a ароматические углеводороды 
610 1 |a каталитические превращения 
610 1 |a авиационное топливо 
610 1 |a производство 
610 1 |a алкилирование 
610 1 |a диалкилирование 
610 1 |a синтез 
610 1 |a бензол 
610 1 |a диалкибензол 
675 |a 665.52  |v 3 
675 |a 665.521.2  |v 3 
700 1 |a Мамедалиев  |b Ю. Г.  |g Юсуф Гейдарович 
712 0 2 |a Академия наук Азербайджанской ССР (АН АзССР)  |b Институт нефтехимических процессов им. Ю. Г. Мамедалиева  |c (Баку)  |2 stltpush  |3 (RuTPU)RU\TPU\col\8002 
801 1 |a RU  |b 63413507  |c 20071025  |g PSBO 
801 2 |a RU  |b 63413507  |c 20071123  |g PSBO 
942 |c BK